| 000 | 01314nam0a22003011 4500 | ||
|---|---|---|---|
| 001 | rc\3637256 | ||
| 005 | 20260407124125.0 | ||
| 021 |
_aRU _b[75-43205] |
||
| 035 | _a(NLR Aleph) 007827607 | ||
| 090 |
_a7764576 _c7764576 |
||
| 100 | _a20130115d1974 |||y0rusy50 ca | ||
| 101 | 0 | _arus | |
| 102 | _aRU | ||
| 105 | _aa c ||||| | ||
| 200 | 1 |
_aМетодические указания по быстрому определению вредных веществ в воздухе производственных помещений _fВЦСПС. Всесоюз. науч.-исслед. ин-т охраны труда в Ленинграде |
|
| 210 |
_aЛенинград _c[ВНИИ охраны труда] _d1974 |
||
| 215 |
_a41 с. _cил. _d22 |
||
| 300 | _aНа обороте тит. л. авт.: В.А. Симонов, Е.Д. Филянская, Н.А. Стругова | ||
| 606 |
_aВоздух промышленных предприятий _xАнализ _2psbo |
||
| 701 | 1 |
_aФилянская _bЕ.Д. |
|
| 701 | 1 |
_aСтругова _bН.А. |
|
| 701 | 1 |
_aСимонов _bВ.А. |
|
| 712 | 0 | 2 |
_aВНИИ охраны труда _cЛенинград _3RU\NLR\AUTH\889964950 _9426110 |
| 801 | 0 |
_aRU _bNLR _gpsbo |
|
| 801 | 1 |
_aRU _bELAR _2rusmarc |
|
| 852 |
_aNLR _j75-6/2450 |
||
| 942 | _cBOOK | ||
| 980 | _aNB | ||